Ausgewählte Reden und Schriften.

Kaydedildi:
Detaylı Bibliyografya
Yazar: Bebel, August, 1840-1913
Kurumsal yazarlar: Institut für Marxismus-Leninismus beim ZK der SED, Akademie der Wissenschaften der DDR. Zentralinstitut für Geschichte
Diğer Yazarlar: Bartel, Horst, Dlubek, Rolf, Gemkow, Heinrich
Materyal Türü: Kitap
Dil:German
Baskı/Yayın Bilgisi: Berlin, Dietz, 1970-<1997 >
Konular:
LEADER 02387nam a2200433 4500
001 c000373449
003 CARM
005 00000000000000.0
008 840830m19709999ge ach b 00100 ger
010 |a 78517249 //r942 
019 1 |a 3857017  |5 LACONCORD2021 
035 |a (OCoLC)526856  |5 LACONCORD2021 
043 |a e-gx--- 
050 0 0 |a HX273  |b .B464 1970 
100 1 |a Bebel, August,  |d 1840-1913. 
240 1 0 |a Selections.  |f 1970 
245 1 0 |a Ausgewählte Reden und Schriften.  |c Hrsg. von Horst Bartel, Rolf Dlubek und Heinrich Gemkow. 
260 |a Berlin,  |b Dietz,  |c 1970-<1997 > 
300 |a <v. 1-10; in 14 >  |b illus., facsims., ports.  |c 22 cm. 
500 |a At head of title: Institut für Marxismus-Leninismus beim ZK der SED, Zentralinstitut für Geschichte bei der Deutschen Akademie der Wissenschaften zu Berlin. 
500 |a Vol. <3-10 > have imprint: München ; New Providence : Saur. 
504 |a Includes bibliographies and indexes. 
505 1 |a Bd. 1. 1863-1878.--Bd. 2. 1878 bis 1890. 2 v.--Bd. 3. Reden und Schriften Oktober 1890 bis Dezember 1895.--Bd. 4. Reden und Schriften Janual 1896 bis Dezember 1899.--Bd. 5. Briefe 1890 bis 1899--Bd. 6. Aus meinem Leben.--Bd. 7. --Reden und Schriften 1899 bis 1905. 2 v.--Bd. 8. Reden und Schriften 1906 bis 1913. 2 v.--Bd. 9. Briefe 1899 bis 1913.-- Bd. 10. Die Frau und der Sozialismus. 2 v. 
600 1 0 |a Bebel, August,  |d 1840-1913. 
650 0 |a Socialism  |z Germany  |x History. 
651 0 |a Germany  |x Politics and government  |y 19th century. 
651 0 |a Germany  |x Politics and government  |y 1871-1918. 
700 1 |a Bartel, Horst. 
700 1 |a Dlubek, Rolf. 
700 1 |a Gemkow, Heinrich. 
710 2 |a Institut für Marxismus-Leninismus beim ZK der SED. 
710 2 |a Akademie der Wissenschaften der DDR.  |b Zentralinstitut für Geschichte. 
852 8 |b CARM  |h A1:AP32C0  |i B07883  |p 0351903  |f BK 
852 8 |b CARM  |h A1:AP32C0  |i B07883  |p 0351890  |f BK 
852 8 |b CARM  |h A1:AP32C0  |i B07882  |p 0351887  |f BK 
999 f f |i 0164fcef-645f-54fb-847c-e0a969115b5b  |s 4003d90d-496b-53bf-86fb-42891731badb 
952 f f |p Can circulate  |a CAVAL  |b CAVAL  |c CAVAL  |d CARM 1 Store  |e B07882  |f A1:AP32C0  |h Other scheme  |i book  |m 0351887 
952 f f |p Can circulate  |a CAVAL  |b CAVAL  |c CAVAL  |d CARM 1 Store  |e B07883  |f A1:AP32C0  |h Other scheme  |i book  |m 0351890 
952 f f |p Can circulate  |a CAVAL  |b CAVAL  |c CAVAL  |d CARM 1 Store  |e B07883  |f A1:AP32C0  |h Other scheme  |i book  |m 0351903